000 00748nam a2200229 a 4500
001 000044364
003 DO-SdBNP
005 20180319105549.0
007 000044364
008 140624s2010 dr a 000 p spa d
020 _a9789945163520
040 _aBPMET
_bspa
_cBPMET
100 1 _aAdames, Julio
245 1 0 _aMonedas al aire. :
_bpoesía infantil /
_cJulio Adames; ilustraciones Jasmín Rosario Almonte.
260 _aSanto Domingo :
_bBúho,
_c2010.
300 _a84 p. :
_bil. ;
_c22 cm.
500 _aIncluye datos biográficos del autor y la ilustradora en las solapas.
700 1 2 _aRosario Almonte, Jasmín
_eil.
942 _2ddc
_cBK
945 _a Remanejado para la BNPHU / 2018 VM
956 _aVMATEO
_b10
_c20150903
_lBPMSU
_h00151
999 _c7478
_d7478